=LDR 00000nam 2200000 4500 =001 INLIS000000000038714 =005 20130612144357 =008 ***********************************Ind** =035 ##$$0010-061300000038714 =041 ##$$a Ind =082 ##$$a 658.81 =090 ##$$a 658.81, Suh s =100 ##$$a Suhardi, Mujadi "kokon" =245 ##$$a Super sales, Optimalkan roh, seni dan humor untuk meningkatkan penjualan, "Kokoh" Muljadi Suhardi =260 ##$$a 2010 $b Jakarta =300 ##$$a xx,134 hlm, ILus, 21 cm =650 ##$$a Manajemen Penjualan =850 ##$$a NBPNMAT =990 ##$$a 0001/BPAP-NTB/20142015 =990 ##$$a 0001/BPAP-NTB/2015